| 000 | 00572nam a22001937a 4500 | ||
|---|---|---|---|
| 008 | 151120b xxu||||| |||| 00| 0 eng d | ||
| 020 | _a0072435763 (alk. paper) | ||
| 041 | 0 | _aeng | |
| 080 | _a316.77 | ||
| 100 | 1 | _aBryant, Jennings. | |
| 245 | 1 | 0 |
_aFundamentals of media effects / _cJennings Bryant, Susan Thompson. |
| 250 | _a1st ed. | ||
| 260 |
_aBoston, Mass. : _bMcGraw-Hill, _cc2002. |
||
| 300 |
_axix, 395 f. : _bme ill. ; _c23 cm. |
||
| 650 | 0 |
_aMedia masive _xAspekte psikologjike |
|
| 650 | 0 | _aKomunikim masiv | |
| 700 | 1 | _aThompson, Susan, | |
| 942 |
_2udc _cBK |
||
| 999 |
_c1376 _d1376 |
||